[Event "Moscow Sveshnikov Memorial Blitz"]
[Site "Moscow"]
[Date "2023.12.09"]
[Round "8"]
[White "Kalegin, Evgenij"]
[Black "Gleizerov, Evgeny"]
[Result "0-1"]
[WhiteElo "2356"]
[BlackElo "2378"]
[PlyCount "144"]
[EventDate "2023.12.09"]
[EventType "tourn (blitz)"]
[EventRounds "11"]
[EventCountry "RUS"]
[EventCategory "1"]
[SourceTitle "CB50_2023"]
[SourceDate "2023.12.13"]
[SourceVersion "1"]
[SourceVersionDate "2023.12.13"]
[SourceQuality "1"]

1. e4 e6 2. d3 c5 3. Nf3 Nc6 4. g3 g6 5. Bg2 Bg7 6. h4 h6 7. 0-0 Nge7 8. c3 d5 9. Be3 d4 10. cxd4 cxd4 11. Bd2 0-0 12. b4 a6 13. a4 e5 14. Na3 Be6 15. Rc1 Kh7 16. Nc4 b5 17. axb5 axb5 18. Na5 Qd7 19. Rc5 Rfb8 20. Qc2 Nxa5 21. bxa5 b4 22. Rc1 b3 23. Qb2 Qd6 24. Ne1 Rc8 25. Bb4 Nc6 26. Ba3 Qd7 27. Qd2 Qb7 28. Bb2 Qb4 29. Qxb4 Nxb4 30. Rxc8 Rxc8 31. Rxc8 Bxc8 32. Bf3 Nc2 33. Kf1 Ba6 34. Bd1 Bf8 35. Bxc2 bxc2 36. Ke2 Bb4 37. Nxc2 Bxa5 38. Ba3 f5 39. f3 Kg7 40. Nb4 Bb7 41. Nd5 Bxd5 42. exd5 Kf7 43. Bd6 Kf6 44. f4 exf4 45. gxf4 Kf7 46. Kf3 Be1 47. Be5 Bxh4 48. Bxd4 Bd8 49. Be5 g5 50. fxg5 hxg5 51. d4 Kg6 52. d6 Kf7 53. d5 Ke8 54. Kg3 Kd7 55. Kf3 Ba5 56. Bf6 Bd2 57. Be7 Bf4 58. Bf8 Bxd6 59. Bh6 g4+ 60. Ke3 Ke7 61. Bg5+ Kf7 62. Bh4 Be5 63. Bd8 Bd6 64. Bh4 Kg6 65. Bd8 f4+ 66. Ke4 f3 67. Bh4 Bc5 68. Kd3 Kf5 69. Bg3 Bb6 70. d6 Ke6 71. d7 Kxd7 72. Ke4 f2 0-1

[Event "Moscow Sveshnikov Memorial Blitz"]
[Site "Moscow"]
[Date "2023.12.09"]
[Round "4"]
[White "Kalegin, Evgenij"]
[Black "Idrisova, Roza"]
[Result "1-0"]
[WhiteElo "2356"]
[BlackElo "1813"]
[PlyCount "95"]
[EventDate "2023.12.09"]
[EventType "tourn (blitz)"]
[EventRounds "11"]
[EventCountry "RUS"]
[EventCategory "1"]
[SourceTitle "CB50_2023"]
[SourceDate "2023.12.13"]
[SourceVersion "1"]
[SourceVersionDate "2023.12.13"]
[SourceQuality "1"]

1. e4 c6 2. d3 d5 3. Nd2 e5 4. Ngf3 Bd6 5. g3 Nf6 6. Bg2 0-0 7. 0-0 Nbd7 8. b3 Re8 9. Bb2 Qc7 10. Nh4 dxe4 11. dxe4 Nc5 12. Re1 Bg4 13. Bf3 Be6 14. Qe2 g6 15. Nc4 Rad8 16. Nxd6 Qxd6 17. Rad1 Qc7 18. a4 Bc8 19. Qe3 b6 20. Rxd8 Qxd8 21. Rd1 Qc7 22. Nf5 Bxf5 23. exf5 Nfd7 24. Bg4 Nf6 25. Bf3 Nfd7 26. h4 f6 27. fxg6 hxg6 28. Qh6 Nf8 29. h5 Qg7 30. Qxg7+ Kxg7 31. hxg6 Kxg6 32. Bxc6 Rc8 33. Bg2 Nfe6 34. Rd6 Rd8 35. Rxd8 Nxd8 36. Kf1 Nde6 37. Ke2 Ng5 38. Ke3 Kf7 39. Bd5+ Kg6 40. Ba3 Nd7 41. Bd6 Nc5 42. Bxc5 bxc5 43. Kd3 Nh3 44. Ke3 Kf5 45. c3 Ng5 46. b4 cxb4 47. cxb4 e4 48. Kd4 1-0

[Event "RUS Cup tt"]
[Site "Sochi"]
[Date "2023.12.03"]
[Round "7.10"]
[White "Kalegin, Evgenij"]
[Black "Galakhov, Sergey"]
[Result "1/2-1/2"]
[WhiteElo "2356"]
[BlackElo "2245"]
[PlyCount "85"]
[EventDate "2023.11.27"]
[EventType "team-swiss"]
[EventRounds "7"]
[EventCountry "RUS"]
[SourceTitle "CB49_2023"]
[SourceDate "2023.12.06"]
[SourceVersion "1"]
[SourceVersionDate "2023.12.06"]
[SourceQuality "1"]
[WhiteTeam "Russia Veterans"]
[BlackTeam "Donetsk"]
[WhiteTeamCountry "RUS"]
[BlackTeamCountry "RUS"]

1. e4 g6 2. d4 Bg7 3. Nf3 d6 4. Bc4 e6 5. Bb3 b6 6. 0-0 Bb7 7. Qe2 Nd7 8. Bf4 h6 9. c3 g5 10. Bc1 Ne7 11. Bc2 Ng6 12. g3 0-0 13. Nbd2 c5 14. h3 Qc7 15. Bd3 Rae8 16. Re1 cxd4 17. cxd4 e5 18. d5 f5 19. exf5 Ne7 20. Be4 Nf6 21. b3 Nexd5 22. Bb2 Nxe4 23. Nxe4 Rxf5 24. Rac1 Qd7 25. Nfd2 Nf6 26. Ba3 Nxe4 27. Nxe4 Bxe4 28. Qxe4 Rf6 29. Red1 Qxh3 30. Rxd6 Rxd6 31. Bxd6 Qe6 32. Rc6 Rd8 33. Bc7 Rd1+ 34. Kg2 Qd5 35. Qxd5+ Rxd5 36. Bb8 Rd7 37. Kf3 Kf7 38. g4 Bf6 39. Rc7 Rxc7 40. Bxc7 b5 41. Ke4 Ke6 42. Bb8 a6 43. Bc7 1/2-1/2

[Event "RUS Cup tt"]
[Site "Sochi"]
[Date "2023.11.28"]
[Round "2.14"]
[White "Kalegin, Evgenij"]
[Black "Savenko, Sergey"]
[Result "1-0"]
[WhiteElo "2356"]
[BlackElo "2312"]
[PlyCount "47"]
[EventDate "2023.11.27"]
[EventType "team-swiss"]
[EventRounds "7"]
[EventCountry "RUS"]
[SourceTitle "CB49_2023"]
[SourceDate "2023.12.06"]
[SourceVersion "1"]
[SourceVersionDate "2023.12.06"]
[SourceQuality "1"]
[WhiteTeam "Russia Veterans"]
[BlackTeam "Sbornaya LNR"]
[WhiteTeamCountry "RUS"]
[BlackTeamCountry "RUS"]

1. e4 c5 2. Nf3 e6 3. Nc3 a6 4. g3 b5 5. Bg2 Bb7 6. d4 cxd4 7. Nxd4 Nf6 8. a3 Be7 9. 0-0 d5 10. exd5 Nxd5 11. Nf5 exf5 12. Nxd5 0-0 13. Be3 Nc6 14. Bb6 Qc8 15. Re1 Bg5 16. Qh5 Ne7 17. Rxe7 Bxd5 18. Rc7 Qd8 19. Bxd5 Qxd5 20. Qxg5 Rab8 21. Ba5 h6 22. Qd2 Qf3 23. Rc3 Qh5 24. Re1 1-0

[Event "RUS Cup tt"]
[Site "Sochi"]
[Date "2023.11.27"]
[Round "1.18"]
[White "Kalegin, Evgenij"]
[Black "Ermakov, Maksim"]
[Result "1/2-1/2"]
[WhiteElo "2356"]
[BlackElo "2174"]
[PlyCount "78"]
[EventDate "2023.11.27"]
[EventType "team-swiss"]
[EventRounds "7"]
[EventCountry "RUS"]
[SourceTitle "CB49_2023"]
[SourceDate "2023.12.06"]
[SourceVersion "1"]
[SourceVersionDate "2023.12.06"]
[SourceQuality "1"]
[WhiteTeam "Russia Veterans"]
[BlackTeam "Vserossiyskoe slepykh"]
[WhiteTeamCountry "RUS"]
[BlackTeamCountry "RUS"]

1. d4 Nf6 2. c4 g6 3. Nc3 Bg7 4. e4 d6 5. Be2 0-0 6. Be3 a6 7. Nf3 c6 8. h3 b5 9. e5 Nfd7 10. exd6 exd6 11. 0-0 bxc4 12. Bxc4 Nb6 13. Bb3 a5 14. Bg5 Bf6 15. Bxf6 Qxf6 16. Qc1 a4 17. Bc2 d5 18. Qh6 N8d7 19. Rfe1 c5 20. Rad1 Bb7 21. Ng5 Qg7 22. Qxg7+ Kxg7 23. Re7 Kg8 24. dxc5 Nxc5 25. Rd4 Rae8 26. Rc7 Rc8 27. Rxc8 Rxc8 28. Rb4 d4 29. Rxb6 dxc3 30. bxc3 Bd5 31. Bb1 Ne6 32. Ne4 Bxe4 33. Bxe4 Rxc3 34. Rc6 Nd4 35. Rd6 Rc1+ 36. Kh2 Nb5 37. Rd2 Nc3 38. Rc2 Rxc2 39. Bxc2 Nxa2 1/2-1/2

[Event "RUS-ch Blitz"]
[Site "Sochi"]
[Date "2022.10.14"]
[Round "2"]
[White "Savchenko, Boris"]
[Black "Kalegin, Evgenij"]
[Result "1-0"]
[WhiteElo "2550"]
[BlackElo "2386"]
[PlyCount "121"]
[EventDate "2022.10.14"]
[EventType "swiss (blitz)"]
[EventRounds "13"]
[EventCountry "RUS"]
[SourceTitle "CBM 210 Extra"]
[Source "ChessBase"]
[SourceDate "2022.11.30"]
[SourceVersion "1"]
[SourceVersionDate "2022.11.30"]
[SourceQuality "1"]

1. c4 Nf6 2. g3 g6 3. Bg2 Bg7 4. d4 0-0 5. Nf3 d6 6. 0-0 Nbd7 7. Nc3 e5 8. Qc2 Re8 9. h3 c6 10. e4 a5 11. Be3 a4 12. dxe5 dxe5 13. Nxa4 Nxe4 14. Rad1 Qa5 15. b3 Ndc5 16. Nd2 Nxd2 17. Bxd2 Bf5 18. Qc1 Nd3 19. Qb1 Qc7 20. g4 Nxf2 21. gxf5 Nxd1 22. Qe4 Rad8 23. Rxd1 Rd4 24. Qe1 Red8 25. Nc3 e4 26. fxg6 hxg6 27. Be3 Rxd1 28. Nxd1 Qe5 29. Bb6 Re8 30. Nf2 e3 31. Ng4 Qf4 32. Qe2 Bd4 33. Bxd4 Qxd4 34. Nh2 Qd2 35. Bf1 Rd8 36. Nf3 Qxe2 37. Bxe2 f5 38. h4 Kg7 39. b4 Kf6 40. a4 Re8 41. a5 Re4 42. Kf1 Rf4 43. Ke1 Rg4 44. Kd1 Rg2 45. b5 cxb5 46. cxb5 Ke7 47. a6 bxa6 48. bxa6 Rg4 49. Bb5 Rb4 50. Bc6 Rb1+ 51. Ke2 Ra1 52. Bb7 f4 53. Nd4 Ra2+ 54. Kf3 Ra4 55. a7 e2 56. Kxe2 Ra2+ 57. Kf3 Rxa7 58. Nc6+ Kd6 59. Nxa7 Ke5 60. Be4 Kf6 61. Kxf4 1-0

[Event "RUS-chT2"]
[Site "Sochi"]
[Date "2022.05.07"]
[Round "6.3"]
[White "Kezin, Roman"]
[Black "Kalegin, Evgenij"]
[Result "1-0"]
[WhiteElo "2510"]
[BlackElo "2416"]
[PlyCount "201"]
[EventDate "2022.05.01"]
[EventType "team-swiss"]
[EventRounds "9"]
[EventCountry "RUS"]
[SourceTitle "CBM 208 Extra"]
[Source "ChessBase"]
[SourceDate "2022.07.31"]
[SourceVersion "1"]
[SourceVersionDate "2022.07.31"]
[SourceQuality "1"]
[WhiteTeam "Novosibirsk Region"]
[BlackTeam "Russia Veterans"]
[WhiteTeamCountry "RUS"]
[BlackTeamCountry "RUS"]

1. d4 Nf6 2. c4 g6 3. g3 Bg7 4. Bg2 0-0 5. Nc3 d6 6. Nf3 Nbd7 7. 0-0 e5 8. e4 c6 9. h3 Qa5 10. Re1 exd4 11. Nxd4 Ne5 12. Bf1 Qb6 13. Kg2 c5 14. Ndb5 Be6 15. Qxd6 Nxc4 16. Qxb6 Nxb6 17. Nc7 Rac8 18. Nxe6 fxe6 19. a4 a5 20. Bf4 Ne8 21. e5 Nc7 22. Bd2 Rfd8 23. Ne4 Bxe5 24. Bxa5 Ncd5 25. Ng5 Bf6 26. Nxe6 Re8 27. Rad1 Rc6 28. Nf4 Nxf4+ 29. gxf4 Rxe1 30. Rxe1 Kg7 31. b3 Nd5 32. Kg3 b6 33. Bd2 Rd6 34. Bc4 Ne7 35. Be3 Nf5+ 36. Kf3 Rd7 37. Rb1 Bc3 38. Rc1 Bb2 39. Rg1 Re7 40. Rd1 Nd4+ 41. Kg2 Nf5 42. Bd2 Nh4+ 43. Kf1 Nf5 44. Be1 Bd4 45. Bd3 Nh4 46. Bd2 Nf5 47. Be2 Nd6 48. Bg4 Ne4 49. Be3 Ng3+ 50. Kg2 Bxe3 51. Re1 Nf5 52. Bxf5 gxf5 53. fxe3 Re4 54. Kf3 Rb4 55. Rc1 Rxb3 56. a5 Kf6 57. axb6 Rxb6 58. Rxc5 Ra6 59. Rc1 Rb6 60. h4 h6 61. h5 Ra6 62. Rc7 Ra1 63. Rh7 Rh1 64. Rxh6+ Kf7 65. Ke2 Rh3 66. Kd3 Kg7 67. Rg6+ Kf7 68. Rg5 Kf6 69. Kd4 Rh1 70. Rg6+ Kf7 71. Ke5 Rh3 72. Kxf5 Rxe3 73. h6 Rh3 74. Rg7+ Kf8 75. Kg6 Rg3+ 76. Kf6 Rh3 77. Kg6 Rg3+ 78. Kf6 Rh3 79. Kg5 Rh1 80. Ra7 Kg8 81. f5 Rb1 82. Kg6 Rg1+ 83. Kf6 Rb1 84. Rd7 Rf1 85. Rg7+ Kh8 86. Re7 Kg8 87. Re8+ Kh7 88. Ke6 Re1+ 89. Kf7 Ra1 90. f6 Ra7+ 91. Ke6 Ra6+ 92. Kf5 Ra5+ 93. Re5 Ra1 94. f7 Rf1+ 95. Ke6 Kg6 96. Rg5+ Kxg5 97. h7 Re1+ 98. Kd6 Rd1+ 99. Ke7 Re1+ 100. Kf8 Rh1 101. Kg7 1-0

[Event "Cheliabinsk Panchenko Memorial op-A"]
[Site "Cheliabinsk"]
[Date "2021.09.19"]
[Round "7"]
[White "Lobanov, Sergei"]
[Black "Kalegin, Evgenij"]
[Result "1-0"]
[WhiteElo "2519"]
[BlackElo "2401"]
[PlyCount "91"]
[EventDate "2021.09.13"]
[EventType "swiss"]
[EventRounds "10"]
[EventCountry "RUS"]
[SourceTitle "CBM 204 Extra"]
[Source "ChessBase"]
[SourceDate "2021.11.30"]
[SourceVersion "1"]
[SourceVersionDate "2021.11.30"]
[SourceQuality "1"]

1. e4 c5 2. Nf3 e6 3. d4 cxd4 4. Nxd4 a6 5. Bd3 Bc5 6. Nb3 Be7 7. Qg4 g6 8. Qe2 d6 9. Nc3 Nd7 10. a3 Qc7 11. Be3 h5 12. 0-0-0 Ngf6 13. f4 b5 14. Rhf1 Rb8 15. Kb1 Bb7 16. Qd2 d5 17. e5 Ne4 18. Bxe4 dxe4 19. Bd4 b4 20. axb4 Bxb4 21. Nb5 axb5 22. Qxb4 Bd5 23. Nc5 Rc8 24. Qxb5 Bc6 25. Qe2 0-0 26. Nxe4 Bd5 27. Nd6 Ra8 28. c4 Bc6 29. Kc2 Rfb8 30. Kd2 Ba4 31. Rb1 Nc5 32. Ke1 Nb3 33. Bc3 Bc6 34. Rf2 Ra2 35. Qe3 Rba8 36. Re2 Ra1 37. Rxa1 Rxa1+ 38. Kf2 Rh1 39. Kg3 h4+ 40. Kh3 f5 41. Re1 Qh7 42. Qb6 Qh5 43. Qd8+ Kg7 44. Qe7+ Kh8 45. Qg5 Qxg5 46. Nf7+ 1-0

[Event "RUS-chT2"]
[Site "Sochi"]
[Date "2021.05.03"]
[Round "3.2"]
[White "Kalegin, Evgenij"]
[Black "Sharikov, Alexander"]
[Result "1-0"]
[WhiteElo "2414"]
[BlackElo "2069"]
[PlyCount "79"]
[EventDate "2021.05.01"]
[EventType "team-swiss"]
[EventRounds "9"]
[EventCountry "RUS"]
[SourceTitle "CBM 202 Extra"]
[Source "ChessBase"]
[SourceDate "2021.07.31"]
[SourceVersion "1"]
[SourceVersionDate "2021.07.31"]
[SourceQuality "1"]
[WhiteTeam "Russia Veterans"]
[BlackTeam "Samara Zhiguli"]
[WhiteTeamCountry "RUS"]
[BlackTeamCountry "RUS"]

1. e4 e6 2. d4 d5 3. Nc3 Bb4 4. e5 c5 5. a3 Ba5 6. b4 cxd4 7. Nb5 Bc7 8. f4 Bd7 9. Nxc7+ Qxc7 10. Bd3 Ba4 11. Bb2 Nc6 12. Nf3 Nge7 13. 0-0 Qb6 14. Kh1 Bb5 15. Bxd4 Nxd4 16. Nxd4 Bxd3 17. Qxd3 0-0 18. f5 Nxf5 19. Nxf5 exf5 20. Rxf5 Qe6 21. Raf1 Rac8 22. h3 Rc7 23. Qg3 Rfc8 24. Rf6 Qe8 25. Rd6 Rxc2 26. Rxd5 Rc1 27. Rxc1 Rxc1+ 28. Kh2 Rc8 29. Qd3 h6 30. Qd4 a6 31. Rd7 b5 32. Rd6 Ra8 33. Qd5 Kf8 34. e6 fxe6 35. Rxe6 Qb8+ 36. Kh1 Ra7 37. Rc6 Ra8 38. Rc3 Qa7 39. Rf3+ Ke8 40. Qe4+ 1-0

[Event "WchT Seniors 65"]
[Site "Prague"]
[Date "2020.03.08"]
[Round "3.4"]
[White "Dory, Jeno"]
[Black "Kalegin, Evgenij"]
[Result "1-0"]
[WhiteElo "2170"]
[BlackElo "2431"]
[PlyCount "85"]
[EventDate "2020.03.06"]
[EventType "team-swiss"]
[EventRounds "7"]
[EventCountry "CZE"]
[SourceTitle "CBM 195 Extra"]
[Source "ChessBase"]
[SourceDate "2020.05.31"]
[SourceVersion "1"]
[SourceVersionDate "2020.05.31"]
[SourceQuality "1"]
[WhiteTeam "Hungary 65"]
[BlackTeam "Russia 65"]
[WhiteTeamCountry "HUN"]
[BlackTeamCountry "RUS"]

1. e4 c5 2. Nf3 e6 3. c3 Nf6 4. e5 Nd5 5. d4 cxd4 6. cxd4 d6 7. Bc4 Be7 8. 0-0 0-0 9. Bd2 Nc6 10. Nc3 dxe5 11. dxe5 Nxc3 12. Bxc3 b6 13. Qe2 Bb7 14. Bd3 Bc5 15. Rad1 Qe7 16. a3 a5 17. h4 g6 18. Bd2 Qc7 19. Rc1 a4 20. Bg5 Be7 21. Rfe1 Rfd8 22. Be4 Rac8 23. Qe3 Bc5 24. Rxc5 bxc5 25. Bf6 Kf8 26. Qh6+ Ke8 27. Qxh7 Ne7 28. Ng5 Nd5 29. Qg8+ Kd7 30. Qxf7+ Kc6 31. Qxe6+ Kb5 32. Bxd8 Rxd8 33. Nf7 Qa5 34. Rd1 Nf4 35. Qg4 Rxd1+ 36. Qxd1 Bxe4 37. Nd6+ Kc6 38. Nxe4 Nd5 39. Nf6 Nb6 40. e6 Qa7 41. Qd8 Qa5 42. e7 Qe1+ 43. Kh2 1-0

[Event "Wch Seniors 65 29th"]
[Site "Bucharest"]
[Date "2019.11.22"]
[Round "10"]
[White "Caturla, Cesar"]
[Black "Kalegin, Evgenij"]
[Result "0-1"]
[WhiteElo "2276"]
[BlackElo "2431"]
[PlyCount "88"]
[EventDate "2019.11.12"]
[EventType "swiss"]
[EventRounds "11"]
[EventCountry "ROU"]
[SourceTitle "CBM 193 Extra"]
[Source "ChessBase"]
[SourceDate "2020.01.31"]
[SourceVersion "1"]
[SourceVersionDate "2020.01.31"]
[SourceQuality "1"]

1. c4 e5 2. Nc3 d6 3. g3 g6 4. Bg2 Bg7 5. e3 Nc6 6. Nge2 Nf6 7. 0-0 0-0 8. Rb1 Bf5 9. d3 Qd7 10. Re1 Bh3 11. Bh1 Nh5 12. Nd5 Nd8 13. d4 c6 14. Ndc3 exd4 15. exd4 Bf5 16. Ra1 Nf6 17. d5 c5 18. Nf4 b6 19. Ne6 fxe6 20. dxe6 Nxe6 21. Bxa8 Rxa8 22. Nd5 Nxd5 23. Qxd5 Rf8 24. Bf4 Kh8 25. Bxd6 Rd8 26. Be5 Qxd5 27. cxd5 Rxd5 28. Bxg7+ Kxg7 29. f3 h5 30. Rad1 Rxd1 31. Rxd1 Nd4 32. Kf2 Nxf3 33. Rd8 Ne5 34. Rb8 Nd3+ 35. Ke2 Nxb2 36. Rb7+ Kf6 37. Rxa7 Ke5 38. Kd2 Kd4 39. Rg7 c4 40. Rc7 c3+ 41. Kc1 Nd3+ 42. Kc2 Nc5+ 43. Kc1 b5 44. Rc6 Nd3+ 0-1

[Event "Wch Seniors 65 29th"]
[Site "Bucharest"]
[Date "2019.11.18"]
[Round "6"]
[White "Garcia Palermo, Carlos H"]
[Black "Kalegin, Evgenij"]
[Result "1-0"]
[WhiteElo "2421"]
[BlackElo "2431"]
[PlyCount "109"]
[EventDate "2019.11.12"]
[EventType "swiss"]
[EventRounds "11"]
[EventCountry "ROU"]
[SourceTitle "CBM 193 Extra"]
[Source "ChessBase"]
[SourceDate "2020.01.31"]
[SourceVersion "1"]
[SourceVersionDate "2020.01.31"]
[SourceQuality "1"]

1. d4 Nf6 2. c4 g6 3. Nc3 Bg7 4. e4 d6 5. Be2 0-0 6. Bg5 Na6 7. Qd2 e5 8. d5 Qe8 9. h4 Nd7 10. h5 f6 11. Bh4 Ndc5 12. h6 Bh8 13. g4 Bd7 14. Nh3 c6 15. Rb1 cxd5 16. cxd5 Na4 17. f3 N6c5 18. Bf2 Nxc3 19. bxc3 Rc8 20. Bxc5 Rxc5 21. Rxb7 Qc8 22. Rb3 f5 23. gxf5 Bf6 24. Rg1 Bh4+ 25. Kd1 Ba4 26. Rg4 Rxc3 27. Rxh4 Qc5 28. fxg6 Rc8 29. Ke1 Bxb3 30. gxh7+ Kh8 31. axb3 Rxb3 32. Rg4 Rb7 33. Ba6 Rb1+ 34. Ke2 Qc1 35. Qxc1 Rcxc1 36. Ng5 Rc7 37. Bd3 Rb2+ 38. Ke3 a5 39. Rg1 Rb3 40. Ra1 Ra7 41. Rc1 Rb8 42. Rc6 a4 43. Rxd6 a3 44. Bc4 a2 45. Bxa2 Ra3+ 46. Kf2 Rxa2+ 47. Kg3 Ra1 48. Nf7+ Kxh7 49. Ng5+ Kh8 50. Rd7 Rg1+ 51. Kh4 Rh1+ 52. Kg4 Rg1+ 53. Kh5 Rh1+ 54. Kg6 Rg8+ 55. Kf5 1-0